| Tag |
First Indicator |
Second Indicator |
Subfields |
| LEADER |
00000pam a2200000 a 4500 |
| 001 |
in00000082806 |
| 005 |
20151008054231.0 |
| 008 |
811001s1981 mnu 00010 eng |
| 010 |
|
|
|a 81016055
|
| 020 |
|
|
|a 0816610029 :
|c $15.00
|
| 020 |
|
|
|a 0816610053 (pbk.) :
|c 5.95
|
| 035 |
|
|
|a (OCoLC)07876042
|
| 035 |
|
|
|9 AAJ0046AM
|
| 039 |
0 |
|
|a 2
|b 3
|c 3
|d 3
|e 3
|
| 040 |
|
|
|a DLC
|c DLC
|d TXA
|d UtOrBLW
|
| 049 |
|
|
|a TXAM
|c [1196006]
|
| 050 |
0 |
0 |
|a PR6015.I4735
|b B7 1981
|
| 082 |
0 |
|
|a 839.8/226
|2 19
|
| 100 |
1 |
|
|a Hill, Geoffrey.
|
| 245 |
1 |
0 |
|a Brand /
|c Henrik Ibsen ; a version for the stage by Geoffrey Hill ; introduction by Inga-Stina Ewbank.
|
| 250 |
|
|
|a 2nd ed., rev.
|
| 264 |
|
1 |
|a Minneapolis, MN :
|b University of Minnesota Press,
|c [1981]
|
| 264 |
|
4 |
|c ©1981
|
| 300 |
|
|
|a xxxvi, 182 pages ;
|c 21 cm.
|
| 336 |
|
|
|a text
|b txt
|2 rdacontent
|
| 337 |
|
|
|a unmediated
|b n
|2 rdamedia
|
| 338 |
|
|
|a volume
|b nc
|2 rdacarrier
|
| 700 |
1 |
|
|a Ibsen, Henrik,
|d 1828-1906.
|t Brand.
|
| 999 |
|
|
|a MARS
|
| 999 |
f |
f |
|s 0854871b-9104-3830-89eb-b4509945f1a5
|i eb022013-ffa6-3870-85cf-269e01480d9e
|t 0
|
| 952 |
f |
f |
|p ric
|a Texas A&M University
|b Rellis Campus
|c Joint Library Facility
|d Remote Storage
|t 0
|e PR6015.I4735 B7 1981
|h Library of Congress classification
|i unmediated -- volume
|m A14806186542
|
| 998 |
f |
f |
|a PR6015.I4735 B7 1981
|t 0
|l Remote Storage
|